[Event "Tata Steel Challengers"]
[Site "Wijk aan Zee NED"]
[Date "2025.01.18"]
[Round "1.3"]
[White "Suleymanli, Aydin"]
[Black "Bok, Benjamin"]
[Result "1/2-1/2"]
[WhiteTitle "GM"]
[BlackTitle "GM"]
[WhiteElo "2623"]
[BlackElo "2583"]
[WhiteFideId "13413937"]
[BlackFideId "1017063"]
[EventDate "2025.01.18"]

1. e4 e5 2. Nf3 Nc6 3. Bc4 Bc5 4. c3 Nf6 5. d3 d6 6. O-O a5 7. h3 Ba7 8. Be3
Bxe3 9. fxe3 O-O 10. Nbd2 Ne7 11. d4 Ng6 12. a4 b6 13. Qc2 Bb7 14. Rae1 Qe7 15.
Bd3 h6 16. Rf2 Rfe8 17. Bb5 Rec8 18. Bc4 Re8 19. Bb5 Rec8 20. Bc4 Re8 21. Nh2
Nf8 22. Ng4 N8h7 23. Ref1 Bc8 24. Nxf6+ Nxf6 25. Qd1 Be6 26. Bb5 Rf8 27. d5 Bd7
28. Rxf6 Bxb5 29. axb5 gxf6 30. Qg4+ Kh7 1/2-1/2

[Event "Tata Steel Challengers"]
[Site "Wijk aan Zee NED"]
[Date "2025.01.18"]
[Round "1.4"]
[White "Gurel, Ediz"]
[Black "Bulmaga, Irina"]
[Result "1-0"]
[WhiteTitle "GM"]
[BlackTitle "IM"]
[WhiteElo "2624"]
[BlackElo "2386"]
[WhiteFideId "44507356"]
[BlackFideId "13903063"]
[EventDate "2025.01.18"]

1. c4 e6 2. Nc3 d5 3. d4 Nf6 4. Nf3 Be7 5. Bf4 O-O 6. e3 Nbd7 7. c5 Ne4 8. h4 f5
9. Nxe4 fxe4 10. Ng5 Nf6 11. g3 a5 12. Be2 h6 13. Nh3 Nd7 14. Rc1 e5 15. Bxe5
Nxe5 16. dxe5 Bxh3 17. Rxh3 Qd7 18. Bg4 Qc6 19. Qc2 Rad8 20. Kf1 d4 21. Qc4+ Kh8
22. exd4 Rd5 23. Rd1 Rfd8 24. Ke1 Qg6 25. Be2 Qe6 26. g4 Bxc5 27. Re3 b5 28. Qc2
Bxd4 29. Rxe4 Qf7 30. f4 Qe7 31. g5 Qe6 32. Rd3 Qf5 33. Rexd4 1-0

[Event "Tata Steel Challengers"]
[Site "Wijk aan Zee NED"]
[Date "2025.01.18"]
[Round "1.5"]
[White "L'Ami, Erwin"]
[Black "Svane, Frederik"]
[Result "1/2-1/2"]
[WhiteTitle "GM"]
[BlackTitle "GM"]
[WhiteElo "2614"]
[BlackElo "2664"]
[WhiteFideId "1007998"]
[BlackFideId "12923044"]
[EventDate "2025.01.18"]

1. e4 c5 2. Nf3 d6 3. d4 cxd4 4. Nxd4 Nf6 5. Nc3 a6 6. Be3 e5 7. Nb3 Be6 8. Be2
Be7 9. f4 exf4 10. Bxf4 Nc6 11. Qd2 d5 12. exd5 Nxd5 13. Nxd5 Qxd5 14. O-O-O
Qxd2+ 15. Rxd2 h5 16. Rhd1 Rc8 17. Bf3 g5 18. Bd6 g4 19. Bxc6+ Rxc6 20. Bxe7
Kxe7 21. Nd4 Rc7 22. b3 Rg8 23. Re1 Rc5 24. Rde2 Rg6 25. Re5 Rxe5 26. Rxe5 h4
27. Rh5 g3 28. Rxh4 gxh2 29. Rxh2 Kd6 30. Kd2 Bd5 31. Nf3 Kc5 32. c3 a5 33. Ke3
b5 34. Kf2 b4 35. cxb4+ axb4 36. Rh1 Ra6 37. Rc1+ Kd6 38. Rc2 Be4 39. Rd2+ Kc5
40. Ke3 Bb1 41. Rb2 Re6+ 42. Kf2 Bg6 43. g4 f6 44. Kg3 Ra6 45. Kf4 Re6 46. Rd2
Re4+ 47. Kg3 Re3 48. Rd8 Be4 49. Kf4 Rd3 50. Rxd3 Bxd3 51. Ke3 Bb1 52. Nd2 Bxa2
53. Ke4 Kd6 54. Kd4 Ke6 55. Kc4 Ke5 56. Kxb4 Kf4 57. Ka3 Bxb3 58. Kxb3 f5 59.
gxf5 Kxf5 1/2-1/2

[Event "Tata Steel Challengers"]
[Site "Wijk aan Zee NED"]
[Date "2025.01.18"]
[Round "1.6"]
[White "Oro, Faustino"]
[Black "Vaishali, Rameshbabu"]
[Result "0-1"]
[WhiteTitle "IM"]
[BlackTitle "GM"]
[WhiteElo "2447"]
[BlackElo "2476"]
[WhiteFideId "20000197"]
[BlackFideId "5091756"]
[EventDate "2025.01.18"]

1. Nf3 d5 2. g3 g6 3. Bg2 Bg7 4. d4 Nf6 5. O-O O-O 6. c4 c6 7. Nc3 dxc4 8. e4 b5
9. Qe2 a5 10. Rd1 Nbd7 11. d5 cxd5 12. e5 b4 13. exf6 Nxf6 14. Nb5 Bd7 15. Nbd4
Rc8 16. Ne5 e6 17. Bh3 Re8 18. Qf3 c3 19. bxc3 Rxc3 20. Be3 Ba4 21. Rdc1 Qc7 22.
Ng4 Nxg4 23. Qxg4 h5 24. Qg5 e5 25. Nb3 d4 26. Bd2 Rc2 27. Bf1 e4 28. Bb5 Bxb5
29. Qxb5 Rf8 30. Rab1 Kh7 31. Qd5 e3 32. fxe3 Rd8 33. Qe4 d3 34. Na1 f5 35. Qf3
Bc3 36. Nxc2 Bxd2 37. Nd4 Bxc1 38. Rb3 d2 39. Rd3 Rd7 40. Qa8 Bb2 41. Qe8 Bxd4
42. exd4 Re7 43. Qa4 Qc4 0-1

[Event "Tata Steel Challengers"]
[Site "Wijk aan Zee NED"]
[Date "2025.01.18"]
[Round "1.7"]
[White "Lu, Miaoyi"]
[Black "Nogerbek, Kazybek"]
[Result "1-0"]
[WhiteTitle "IM"]
[BlackTitle "GM"]
[WhiteElo "2429"]
[BlackElo "2514"]
[WhiteFideId "8618020"]
[BlackFideId "13710427"]
[EventDate "2025.01.18"]

1. e4 e5 2. Nf3 Nc6 3. Bc4 Nf6 4. d4 exd4 5. e5 Ne4 6. Qe2 Nc5 7. O-O Be7 8. Rd1
Ne6 9. c3 d5 10. exd6 Qxd6 11. Na3 a6 12. Nc2 O-O 13. cxd4 Nf4 14. Bxf4 Qxf4 15.
d5 Na5 16. Bd3 Bf6 17. b4 Bxa1 18. Rxa1 c6 19. bxa5 cxd5 20. Ncd4 Bd7 21. Qe5
Qxe5 22. Nxe5 Ba4 23. Bf5 Rfe8 24. f4 g6 25. Bh3 f6 26. Nef3 f5 27. Ne5 Rac8 28.
g4 Rc3 29. Bg2 fxg4 30. Bxd5+ Kh8 31. Rb1 Bc6 32. Bxc6 bxc6 33. Ndxc6 g5 34. f5
Rf8 35. Rb8 Rxb8 36. Nxb8 Rc1+ 37. Kf2 Rc2+ 38. Kg3 h5 39. f6 Rc1 40. f7 Kg7 41.
Nbd7 Rf1 42. f8=Q+ Rxf8 43. Nxf8 Kxf8 44. Nxg4 1-0